| 000 | 00571nam a2200181 i 4500 | ||
|---|---|---|---|
| 001 | 42670 | ||
| 003 | ES-MaACL | ||
| 007 | t| | ||
| 008 | 030313s1957 sp ||||1| spa d | ||
| 100 | 1 |
_aCercos, Augusto P. _937447 |
|
| 245 | 1 | 4 |
_aLos antibióticos y sus aplicaciones agropecuarias / _cAugusto P. Cercos. |
| 260 |
_aBarcelona, etc. : _bSalvat, _c1957 ( _fImprenta Hispano-Americana) |
||
| 300 |
_aXII, 475 p. : _bil. ; _c22 cm. |
||
| 490 | 1 | _aAgrícola Salvat | |
| 830 | 0 |
_aAgrícola Salvat _9181573 |
|
| 852 |
_aES-MaACL _jC-8901 _bR.41531 |
||
| 999 |
_c42670 _d42670 |
||